Cristianismo y propaganda (Record no. 50059)

MARC details
000 -LEADER
campo de control de longitud fija 00673nam a2200181 i 4500
001 - NÚMERO DE CONTROL
campo de control 50059
003 - IDENTIFICADOR DE NÚMERO DE CONTROL
campo de control ES-MaACL
007 - CAMPO FIJO DE DESCRIPCIÓN FÍSICA--INFORMACIÓN GENERAL
campo de control de longitud fija t|
008 - DATOS DE LONGITUD FIJA--INFORMACIÓN GENERAL
campo de control de longitud fija 030729s1953 sp ||||1| spa d
245 00 - MENCIÓN DEL TÍTULO
Título Cristianismo y propaganda
Resto del título : ideas, directrices y sugerencias prácticas /
Mención de responsabilidad, etc. traducido por Federico de Barrenengoa.
260 ## - PUBLICACIÓN, DISTRIBUCIÓN, ETC.
Lugar de publicación, distribución, etc. Bilbao :
Nombre del editor, distribuidor, etc. Desclée de Brouwer,
Fecha de publicación, distribución, etc. 1953 (
Lugar de fabricación/manufactura Oñate, Guipúzcoa :
Fabricante Santiago de Aránzazu)
300 ## - DESCRIPCIÓN FÍSICA
Extensión 179 p. ;
Dimensiones 19 cm.
490 1# - MENCIÓN DE SERIE
Mención de serie Biblioteca de estudios pastorales ;
Designación de volumen o secuencia 5
700 1# - ENTRADA AGREGADA--NOMBRE PERSONAL
Nombre de persona Barrenengoa, Federico.
9 (RLIN) 25912
830 0# - PUNTO DE ACCESO ADICIONAL DE SERIE-TÍTULO UNIFORME
Título uniforme Biblioteca de estudios pastorales ;
Designación de volumen o secuencia 5
9 (RLIN) 181669
852 ## - LOCALIZACIÓN
Ubicación ES-MaACL
Número de control de estantería C-7884
Sublocalización o colección R.35879
Holdings
Estatus retirado Estado de pérdida Estado de daño No para préstamo Biblioteca de origen Biblioteca actual Ubicación en estantería Fecha de adquisición Fuente de adquisición Total de préstamos Signatura topográfica completa Código de barras Visto por última vez Precio de reemplazo Tipo de ítem Koha
        Biblioteca del Ateneo de Madrid Biblioteca del Ateneo de Madrid Sala Palomar 17/01/2008     C-7884 1052662 23/02/2023 23/02/2023 Libro impreso